Social psychology in the Philippine context / (Record no. 39509)
[ view plain ]
| 000 -LEADER | |
|---|---|
| fixed length control field | 00615nam a2200193 a 4500 |
| 001 - CONTROL NUMBER | |
| control field | FIB033557 |
| 005 - DATE AND TIME OF LATEST TRANSACTION | |
| control field | 20151016190551.0 |
| 008 - FIXED-LENGTH DATA ELEMENTS--GENERAL INFORMATION | |
| fixed length control field | |
| 020 ## - INTERNATIONAL STANDARD BOOK NUMBER | |
| International Standard Book Number | 9789715506700 |
| 245 #0 - TITLE STATEMENT | |
| Title | Social psychology in the Philippine context / |
| Statement of responsibility, etc | Ma. Elizabeth J. Macapagal [and three others]. |
| 260 ## - PUBLICATION, DISTRIBUTION, ETC. (IMPRINT) | |
| Place of publication, distribution, etc | Quezon City : |
| Name of publisher, distributor, etc | Ateneo de Manila University Press, |
| Date of publication, distribution, etc | [2013]. |
| 300 ## - PHYSICAL DESCRIPTION | |
| Extent | xii, 243 pages ; |
| Dimensions | 25 cm. |
| 336 ## - CONTENT TYPE | |
| Content Type Term | text |
| Source | rdacontent |
| 337 ## - MEDIA TYPE | |
| Media Type Term | unmediated |
| Source | rdamedia |
| 338 ## - CARRIER TYPE | |
| Carrier Type Term | volume |
| Source | rdacarrier. |
| 500 ## - GENERAL NOTE | |
| General note | Includes index. |
| 650 ## - SUBJECT ADDED ENTRY--TOPICAL TERM | |
| Topical term or geographic name as entry element | Social psychology. |
| 942 ## - ADDED ENTRY ELEMENTS (KOHA) | |
| Source of classification or shelving scheme | Library of Congress Classification |
| Item type | Books |
| Withdrawn status | Lost status | Source of classification or shelving scheme | Damaged status | Not for loan | Home library | Current library | Shelving location | Date acquired | Source of acquisition | Cost, normal purchase price | Inventory number | Total Checkouts | Full call number | Barcode | Date last seen | Price effective from | Koha item type | Copy number |
|---|---|---|---|---|---|---|---|---|---|---|---|---|---|---|---|---|---|---|
| Library of Congress Classification | BSOP Library | BSOP Library | Filipiniana | 10/16/2015 | 289.00 | 37372 | HM1027.P5 So1m 2013 | 00047372 | 10/16/2015 | 10/16/2015 | Books | |||||||
| Library of Congress Classification | BSOP Library | BSOP Library | Filipiniana | 05/04/2016 | 152.50 | 37810 | HM1027.P5 So1m 2013 c.2 | 00047810 | 05/04/2016 | 05/04/2016 | Books | c.2 |
